European securitisations hit record (Record no. 67852)

MARC details
000 -LEADER
fixed length control field 00755cam a2200193 4500
001 - CONTROL NUMBER
control field WB3730-10
008 - FIXED-LENGTH DATA ELEMENTS--GENERAL INFORMATION
fixed length control field 010801n2001 000 0 eng u
035 ## - SYSTEM CONTROL NUMBER
System control number (Sirsi) u113879
245 ## - TITLE STATEMENT
Title European securitisations hit record
260 ## - PUBLICATION, DISTRIBUTION, ETC.
Date of publication, distribution, etc. 2001
490 ## - SERIES STATEMENT
Series statement Estates Gazette
Volume/sequential designation (0130) 28 July 2001, 41(1)
520 ## - SUMMARY, ETC.
Summary, etc. The UK is dominating European securitisations as the market boomed in the 2nd quarter to a record level of $5.7bn. Meanwhile the market for commercial mortgage-backed securities in the US was hit by the economic slowdown.
590 ## - LOCAL NOTE (RLIN)
Local note WB
650 ## - SUBJECT ADDED ENTRY--TOPICAL TERM
Topical term or geographic name entry element COMMERCIAL MORTGAGE-BACKED SECURITIES
650 ## - SUBJECT ADDED ENTRY--TOPICAL TERM
Topical term or geographic name entry element PROPERTY SECURITISATION
650 ## - SUBJECT ADDED ENTRY--TOPICAL TERM
Topical term or geographic name entry element EUROPE
690 ## - LOCAL SUBJECT ADDED ENTRY--TOPICAL TERM (OCLC, RLIN)
Topical term or geographic name as entry element MANAGEMENT-BUSINESS MANAGEMENT-FINANCIAL MANAGEMENT
942 ## - ADDED ENTRY ELEMENTS (KOHA)
Suppress in OPAC 0
Holdings
Withdrawn status Lost status Source of classification or shelving scheme Damaged status Not for loan Home library Current library Shelving location Date acquired Total Checkouts Full call number Barcode Date last seen Copy number Price effective from Koha item type
    Dewey Decimal Classification     London London News article 01/08/2001   WB3730-10 113879-1001 06/08/2019 1 06/08/2019 News article